000 00791nam a22001817a 4500
999 _c63898
_d63898
003 Ge_BSU
005 20260216153919.0
008 260216s1963 ge ||||| |||| 00| 0 geo d
041 _ageo
080 _a339.188.4 გ-73
100 _aგოშაძე, გივი
_9864
245 _aკომუნიზმის მატერიალურ-ტექნიკური ბაზა /
_cგივი გოშაძე.
264 _aთბილისი :
_bსაბჭ. საქართველო,
_c1963.
300 _a100 გვ. ;
_b20 სმ.
504 _aბიბლიოგრ. შენიშვნებში.
653 _aკომუნიზმის მატერიალურ-ტექნიკური ბაზა.
942 _2udc
_cᲬᲘᲒᲜᲘ